Diccionario de derecho público: administrativo, constitucional, fiscal
Guardat en:
| Autor principal: | |
|---|---|
| Format: | Llibre |
| Idioma: | espanyol |
| Publicat: |
Buenos Aires
Astrea
1981
|
| Matèries: | |
| Etiquetes: |
Afegir etiqueta
Sense etiquetes, Sigues el primer a etiquetar aquest registre!
|
MARC
| LEADER | 00000nam a2200000 a 4500 | ||
|---|---|---|---|
| 001 | UCT6927 | ||
| 003 | CL-VaPUC | ||
| 008 | 970113e19810000AG |||||||||||||||||spa|d | ||
| 082 | 0 | 4 | |a 343.003 |b FER |2 21 |
| 100 | 0 | |a Fernández Vázquez, Emilio |e author |9 377348 | |
| 245 | 1 | 0 | |a Diccionario de derecho público: administrativo, constitucional, fiscal |
| 300 | |a 767 p | ||
| 942 | |c BK | ||
| 945 | |d 19970113 00:00:00 |a paguirre | ||
| 260 | |a Buenos Aires |b Astrea |c 1981 | ||
| 650 | 0 | |a Diccionarios |9 256200 | |
| 650 | 7 | |a DERECHO |2 CL-VaPUC |9 377349 | |
| 650 | 0 | |a Derecho público |9 255910 | |
| 650 | 7 | |a CONCEPTOS DEL DERECHO |2 CL-VaPUC |9 377350 | |
| 650 | 7 | |a TERMINOLOGIA |2 CL-VaPUC |9 254881 | |
| 583 | |a last modification |c 19970113 00:00:00 |k Rodrigo Vera | ||
| 999 | |c 255596 |d 255594 | ||
| 952 | |0 0 |1 0 |4 0 |6 343_003000000000000_FER_1981 |7 0 |8 F |9 277907 |a BIBDER |b BIBDER |d 2019-11-19 |i 1804359 |o 343.003 FER 1981 |p 1804359 |r 2023-01-25 |w 2019-11-19 |y BK_F |k DER | ||